5HLuxD.jpg

KING HENRY VIII SENIOR AND PRIMARY SCHOOL LIBRARY OPAC

GREAT BIG MYSTERY BOOK (Record no. 4889)

000 -LEADER
fixed length control field 00355nam a22001217a 4500
008 - FIXED-LENGTH DATA ELEMENTS--GENERAL INFORMATION
fixed length control field 250422b ||||| |||| 00| 0 eng d
020 ## - INTERNATIONAL STANDARD BOOK NUMBER
International Standard Book Number 9780007935253
082 ## - DEWEY DECIMAL CLASSIFICATION NUMBER
Classification number 813.54 SCA
100 ## - MAIN ENTRY--PERSONAL NAME
Personal name SCARRY,RICHARD
Relator term AUTHOR
245 ## - TITLE STATEMENT
Title GREAT BIG MYSTERY BOOK
260 ## - PUBLICATION, DISTRIBUTION, ETC.
Place of publication, distribution, etc. 77-85 FULHAM PALACE ROAD,LONDON W6 8JB
Name of publisher, distributor, etc. HARPER COLLINS CHILDREN'S BOOKS
Date of publication, distribution, etc. 2011
942 ## - ADDED ENTRY ELEMENTS (KOHA)
Source of classification or shelving scheme
Holdings
Withdrawn status Lost status Source of classification or shelving scheme Damaged status Not for loan Collection code Permanent Location Current Location Shelving location Date acquired Total Checkouts Full call number Barcode Date last seen Date last checked out Price effective from Koha item type Public note
          Fiction KH8 Primary School Library KH8 Primary School Library Fiction 2025-04-22 1 813.54 SCA KHPL000006741 2025-12-05 2025-11-05 2025-04-22 Books - Fiction KH8 PRIMARY LIBRARY

Powered By KH8 IT Dept